000 00688cam a22002413a 4500
001 21016
003 PGUSA
005 20140828083440.0
008 070408s2007||||xxu|||||s|||||000 | eng d
040 _aPGUSA
_beng
042 _adc
050 4 _aQA
100 1 _aDedekind, Richard,
_d1831-1916
245 1 0 _aEssays on the Theory of Numbers
_h[electronic resource] /
_cRichard Dedekind
260 _bProject Gutenberg,
_c2007
506 _aPublic domain in the USA.
516 _aElectronic text
653 _aNumber theory
700 1 _aBeman, Wooster Woodruff,
_d1850-1922
830 0 _aProject Gutenberg
_v21016
856 4 0 _uhttp://www.gutenberg.org/ebooks/21016
942 _cEB
999 _c250271
_d250271